| 000 | 00735nam a2200241 a 4500 | ||
|---|---|---|---|
| 008 | |||
| 020 | _a0582212766 (pbk.) | ||
| 049 | _aMAIN | ||
| 049 | _aMAIN | ||
| 090 | _aQC145.2DOU | ||
| 100 | 1 | _aDouglas, J. F. | |
| 245 | 1 | 0 |
_aSolving problems in fluid mechanics. _nVolume 2 / _cJ. F. Douglas. |
| 260 |
_aHarlow. : _bLongman Scientific&Technical, _c1996. |
||
| 300 |
_a264 p. : _bill. ; _c25 cm. |
||
| 500 | _aIncludes index. | ||
| 500 | _aIncludes bibliographical references. | ||
| 650 | 0 |
_aFluid mechanics _xProblems, exercises in fluid mechanics. |
|
| 907 |
_a.b10121043 _b21-04-08 _c06-05-04 |
||
| 003 | |||
| 005 | 20230123134112.0 | ||
| 040 | _cNUST | ||
| 942 |
_cBOOKS _kQC145.2DOU |
||
| 999 |
_c160083 _d160083 |
||